• 首页
  • 本馆介绍
  • 公告通知
  • 最新文献
  • 馆藏检索
  • 电子资源
  • 读者导购
  • 参考咨询
  • 我的图书馆
  • 登录
  • 详细信息显示
  • 放入我的书架
  • 预约/预借图书
  • 作者相关作品
  • 分类相关作品
  • 丛书相关作品
  • 出版社相关作品

书目信息

  • 表格格式
  • 工作单格式
  • 卡片格式
题名:
实用简谱读法
    
 
作者: 雷维模 编著
分册:  
出版信息: 重庆   西南师范大学出版社  1993
页数: 151页
开本: 32开
丛书名: 音乐教育丛书
单 册:
中图分类: J613.2
科图分类:
主题词: 音乐--技术--理论 , 音乐--技术--方法
电子资源:
ISBN: 7-5621-1455-2
000 00645nam0 2200229 45
001 0109271625
005 20031219104050.9
010    @a7-5621-1455-2@dCNY6.50
100    @a20010927d1993 km y0chiy0120 ea
101 0  @achi
105    @ag z 000yy
200 1  @a实用简谱读法@AShi Yong Jian Pu Du Fa@f雷维模编著@FLei Wei Mo Bian Zhu
210    @a重庆@c西南师范大学出版社@d1993
215    @a151页@d32开
225    @a音乐教育丛书
410    @12001 @a音乐教育丛书
606 0  @a音乐@x技术@x理论
606 0  @a音乐@x技术@x方法
690    @aJ613.2@v4
701    @a雷维模@4编著
801    @aCN@bTSTC@c20010927
905    @f5@b299144-148@dJ613.2@e181
    
    实用简谱读法/雷维模编著.-重庆:西南师范大学出版社,1993
    151页;32开.-(音乐教育丛书)
    
    
    ISBN 7-5621-1455-2:CNY6.50
    
●
相关链接 在E读中查询图书 在五车中查询图书 在当当中查询图书 在豆瓣中查询图书


正题名:实用简谱读法     索取号:J613.2/181         预约/预借

序号 登录号 条形码 馆藏地/架位号 状态 备注
1 0299144   202991441   第一借阅区/ [索取号:J613.2/181] 在馆    
2 0299145   202991450   第一借阅区/ [索取号:J613.2/181] 在馆    
3 0299146   202991469   第一借阅区/ [索取号:J613.2/181] 在馆    
4 0299147   202991478   第一借阅区/ [索取号:J613.2/181] 在馆    
5 0299148   202991487   第一样本阅览室/ [索取号:J613.2/181] 在馆    
唐山师范学院图书馆 欢迎您!
大连网信软件有限公司© 版权所有